[Event "Sarajevo"]
[Site "Sarajevo"]
[Date "1999.05.17"]
[Round "1"]
[White "Adams, Michael"]
[Black "Short, Nigel D"]
[Result "1-0"]
[WhiteElo "2716"]
[BlackElo "2697"]

1.e4 e6 2.d4 d5 3.Nd2 Be7 4.e5 c5 5.Qg4 g6 6.dxc5 f5 7.Qg3 Nd7 8.Bb5 Qa5
9.Bxd7+ Bxd7 10.c3 Qxc5 11.Ne2 Bd8 12.Nb3 Qe7 13.h4 Bc7 14.h5 gxh5 15.Bg5 Qg7
16.f4 h6 17.Bh4 Rh7 18.Nc5 b6 19.Nxd7 Qxg3+ 20.Nxg3 Kxd7 21.Nxh5 b5 22.Rh3 Rf7
23.Rg3 Ne7 24.Bxe7 Rxe7 25.Rg6 Rh8 26.Rd1 Bb6 27.Rd3 a5 28.Nf6+ Kc7 29.Rxd5 Be3
30.Rxb5 Bxf4 31.Rxa5 Kb7 32.Rb5+ Ka7 33.Nh5 Bg5 34.Rg7 Re8 35.Rxe7+ Rxe7
36.Rb4 Rc7 37.Nf4 Rc5 38.Nd3 Rd5 39.Ke2  1-0

[Event "Capablanca mem Mixto"]
[Site "Havana"]
[Date "1999.05.20"]
[Round "12"]
[White "Pazos, Plinio"]
[Black "Fandino, Roquelina"]
[Result "0-1"]
[WhiteElo "2366"]
[BlackElo "2187"]

1.e4 e6 2.d4 d5 3.Nd2 Nc6 4.Ngf3 Nf6 5.e5 Nd7 6.Be2 f6 7.exf6 Qxf6 8.Nf1 Bd6
9.Ne3 O-O 10.O-O Nb6 11.h3 Bd7 12.Ng4 Qe7 13.Re1 Rae8 14.Bd3 Rxf3 15.Qxf3 Nxd4
16.Qd1 e5 17.Ne3 Rf8 18.c3 Nc6 19.Nxd5 Qf7 20.Nxb6 Qxf2+ 21.Kh1 Bxh3 22.gxh3 e4
23.Qe2 Qh4 24.Bc4+ Kh8 25.Qe3 Bg3 26.Bf1  0-1

[Event "Capablanca mem Elite"]
[Site "Havana"]
[Date "1999.05.20"]
[Round "12"]
[White "De la Paz, Frank"]
[Black "Hoffman, Alejandro"]
[Result "1-0"]
[WhiteElo "2495"]
[BlackElo "2547"]

1.e4 e6 2.d4 d5 3.Nd2 a6 4.Ngf3 Nf6 5.Bd3 c5 6.c3 cxd4 7.cxd4 dxe4 8.Nxe4 Be7
9.O-O Nc6 10.Be3 O-O 11.Nxf6+ Bxf6 12.Be4 Ne7 13.Qb3 Nd5 14.Rac1 Qd6 15.Rc5 Rd8
16.Rfc1 g6 17.Bd2 Rb8 18.g3 Qf8 19.Ne5 Bxe5 20.dxe5 h6 21.Bxd5 exd5 22.Rc7 Qe8
23.Bxh6 Qxe5 24.Bf4 Qf5 25.Re7 Ra8 26.Re5 Qh3 27.Bg5 Rf8 28.Bf6 Be6 29.Qd3 Rac8
30.Ree1 Rc4 31.b3 Rxc1 32.Rxc1 Qf5 33.Qd4 Re8 34.Bh8 f6 35.Bxf6 Qh3 36.Be5 Bf5
37.Rc7 Be4 38.Rg7+ Kh8 39.Rxg6+ Kh7 40.Rg7+  1-0

[Event "Capablanca mem Mixto"]
[Site "Havana"]
[Date "1999.05.22"]
[Round "13"]
[White "Fierro Baquero, Martha Lorena"]
[Black "Pazos, Plinio"]
[Result "1-0"]
[WhiteElo "2252"]
[BlackElo "2366"]

1.e4 e6 2.d4 d5 3.Nd2 a6 4.Ngf3 c5 5.exd5 exd5 6.c3 Nc6 7.dxc5 Bxc5 8.Bd3 Nge7
9.h3 O-O 10.O-O Bb6 11.Re1 Bf5 12.Nb3 Qd7 13.Be3 Bxd3 14.Qxd3 Bc7 15.Nc5 Qc8
16.Rad1 h6 17.Re2 Rd8 18.Na4 Qb8 19.Bb6 Rd7 20.Bxc7 Qxc7 21.Qe3 Rad8 22.Red2 Rd6
23.Qc5 Rg6 24.Nb6 Qf4 25.Qe3 Qxe3 26.fxe3 Re6 27.Kf2 Re8 28.Nxd5 Nxd5 29.Rxd5 Rxe3
30.Re1 Rxe1 31.Nxe1 Ne5 32.Nf3 Nxf3 33.Kxf3 Re7 34.c4 g6 35.b4 Kg7 36.c5 Kf6
37.a4 Re5 38.Rd7 Re7 39.Rxe7 Kxe7 40.Ke4 Ke6 41.b5 axb5 42.axb5 f5+ 43.Kd4 f4
44.h4 g5 45.hxg5 hxg5 46.Ke4  1-0

[Event "Saint Vincent zt (Women)"]
[Site "Saint Vincent"]
[Date "1999.05.22"]
[Round "4"]
[White "Calzetta, Monica"]
[Black "Nepeina Leconte, Maria"]
[Result "0-1"]
[WhiteElo "2158"]
[BlackElo "2315"]

1.e4 e6 2.d4 d5 3.Nd2 Nc6 4.Ngf3 Nf6 5.e5 Nd7 6.Bd3 f6 7.O-O fxe5 8.Nxe5 Ncxe5
9.dxe5 Nxe5 10.Qh5+ Nf7 11.Bxh7 Qf6 12.Nf3 Bd6 13.Re1 Kf8 14.c4 Bd7 15.cxd5 exd5
16.Bd2 d4 17.Nh4 Ne5 18.Rxe5 Rxh7 19.Qxh7 Bxe5 20.Re1 Re8 21.Qh5 Bd6 22.Qh8+ Kf7
23.Rxe8 Bxe8 24.Nf3 Bc6 25.Ng5+ Ke7 26.h4 Qg6 27.Qh7 Qxh7 28.Nxh7 Bd5 29.b3 c5
30.Ng5 b5 31.h5 c4 32.Kf1 c3 33.Be1 Bf4  0-1

[Event "Pula op 13th"]
[Site "Pula"]
[Date "1999.05.31"]
[Round "3"]
[White "Biti, Ozren"]
[Black "Malaniuk, Vladimir P"]
[Result "0-1"]
[WhiteElo "2225"]
[BlackElo "2552"]

1.e4 e6 2.d4 d5 3.Nd2 Be7 4.Bd3 c5 5.dxc5 Nf6 6.Qe2 Nc6 7.Ngf3 O-O 8.O-O Bxc5
9.c3 Be7 10.Re1 Qc7 11.e5 Nd7 12.Nb3 b6 13.Nbd4 Nc5 14.Bc2 Ba6 15.Qe3 Rfe8
16.Nxc6 Qxc6 17.Nd4 Qd7 18.Qh3 g6 19.Qg3 f5 20.f3 Bd3 21.Bd1 a5 22.Bg5 Bf8
23.Be2 Bxe2 24.Rxe2 h6 25.Be3 Kh7 26.Qh3 Bg7 27.Kh1 Rf8 28.Qh4 Rf7 29.Rd1 Qe7
30.Qxe7 Rxe7 31.Bc1 Rc8 32.g3 Nd7 33.Red2 Nb8 34.Kg2 Nc6  0-1

[Event "White Nights"]
[Site "St Petersburg"]
[Date "1999.06.26"]
[Round "1"]
[White "Chehlov, Aleksander"]
[Black "Kruppa, Yuri"]
[Result "0-1"]
[WhiteElo "2288"]
[BlackElo "2561"]

1.e4 e6 2.d4 d5 3.Nd2 Nc6 4.Ngf3 Nf6 5.e5 Nd7 6.c3 f6 7.Bb5 fxe5 8.dxe5 Be7
9.Nb3 O-O 10.Qe2 Qe8 11.O-O Nd8 12.Bd3 Qh5 13.Re1 c5 14.Nbd2 Nc6 15.Nf1 Rxf3
16.Qxf3 Qxf3 17.gxf3 Ndxe5 18.Be2 Ng6 19.Ne3 Bd7 20.Ng2 Rf8 21.Rd1 Bd6 22.Be3 b6
23.Rd2 Nce7 24.a4 Bc6 25.a5 b5 26.a6 Nf5 27.Rdd1 e5 28.b4 cxb4 29.cxb4 d4
30.Bd2 Nfh4 31.Ne1 h6 32.Ra3 Ne7 33.Rc1 Rf6 34.Rxc6 Nxc6 35.Rb3 d3 36.Rxd3 Bxb4
37.Bxb4 Nxb4 38.Rd8+ Rf8 39.Rxf8+ Kxf8 40.Bxb5 Ke7 41.Kf1 Kd6 42.Ke2 Nf5
43.Bd3 Nd4+ 44.Ke3 Ne6 45.Bc4 Nc5 46.h4 Nbxa6 47.f4 Nc7 48.fxe5+ Kxe5 49.Nf3+ Kf6
50.Nd4 Nd7 51.f4 Nb6 52.Bb3 a5 53.Ke4 Na6 54.Bg8 Nc5+ 55.Ke3 Nc8 56.h5 Ne7
57.Bh7 a4 58.Nb5 Nf5+ 59.Kf3 Nb7 60.Bg8 Nc5 61.Bh7 Ne6 62.Nc3 a3 63.Bg8 Ke7
64.Ke4 Nd6+ 65.Ke3 Nb5 66.Na2 Nc5 67.Bc4 Nd6 68.Bg8 Nce4 69.Bd5 Nf6 70.Bf3 Nf5+
71.Kf2 Kd6 72.Bd1 Kc5 73.Bc2 Nd4 74.Bd1 Nd5 75.Kg3 Nb4 76.Nc1 Kc4  0-1

[Event "Andorra la Vella op"]
[Site "Andorra la Vella"]
[Date "1999.07.02"]
[Round "7"]
[White "Pavlovic, Milos"]
[Black "Hausner, Ivan"]
[Result "1/2-1/2"]
[WhiteElo "2509"]
[BlackElo "2396"]

1.e4 e6 2.d4 d5 3.Nd2 Be7 4.e5 c5 5.Qg4 Kf8 6.Ngf3 h5 7.Qg3 Nh6 8.dxc5 Nf5
9.Qh3 Kg8 10.Bd3 Nc6 11.Nb3 a5 12.c3 a4 13.Nbd4 Nfxd4 14.cxd4 b6 15.O-O bxc5
16.dxc5 d4 17.Be2 Bxc5 18.Bg5 Be7  1/2-1/2

[Event "Swidnica op"]
[Site "Swidnica"]
[Date "1999.07.02"]
[Round "5"]
[White "Fedorchuk, Sergey A"]
[Black "Malaniuk, Vladimir P"]
[Result "1-0"]
[WhiteElo "2457"]
[BlackElo "2552"]

1.e4 e6 2.d4 d5 3.Nd2 Be7 4.Bd3 c5 5.dxc5 Nf6 6.Qe2 Nc6 7.Ngf3 Nb4 8.Nb3 Nxd3+
9.cxd3 Bxc5 10.Nxc5 Qa5+ 11.Bd2 Qxc5 12.O-O dxe4 13.dxe4 Bd7 14.Rac1 Qb5
15.Qxb5 Bxb5 16.Bb4 a5 17.Ba3 Bc6 18.Ne5 Nxe4 19.f3 Nf6 20.Nxc6 bxc6 21.Rxc6 Nd5
22.Rd1 Nb4 23.Rc7 O-O 24.Rdd7 g5 25.b3 Kg7 26.Ra7 h6 27.Rxf7+ Rxf7 28.Rxa8 Nxa2
29.Rxa5 Kh7 30.Bc5 Nc3 31.Ra7 Rxa7 32.Bxa7 Kg6 33.Kf2 h5 34.b4 Kf5 35.Bd4 Nb5
36.Bb2 e5 37.h3 g4 38.fxg4+ hxg4 39.hxg4+ Ke6 40.g5 Nd6 41.g6 Nc4 42.Bc3  1-0

[Event "EUCup99 (Women)"]
[Site "Nova Gorica"]
[Date "1999.07.03"]
[Round "5"]
[White "Peptan, Corina"]
[Black "Kononenko, Tatiana"]
[Result "1/2-1/2"]
[WhiteElo "2427"]
[BlackElo "2295"]

1.e4 e6 2.d4 d5 3.Nd2 Be7 4.Bd3 c5 5.dxc5 Nf6 6.exd5 Qxd5 7.Ngf3 Nbd7 8.O-O Nxc5
9.Bc4 Qd6 10.b3 O-O 11.Bb2 b6 12.Qe2 Bb7 13.Ne5 Ncd7 14.Ndf3 Nxe5 15.Nxe5 Qc7
16.Bd3 Rfd8 17.Rad1 Bf8 18.Qe3 h6 19.h3 Rac8 20.c4 Ba8 21.Qg3 Qb7 22.Ng4 Nxg4
23.Qxg4 Qe7 24.Rfe1 Qg5 25.Qxg5 hxg5 26.Bc1 Be7 27.a4 Kf8 28.Be3 Bb4 29.Rf1 f6
30.f3 Ke7 31.Kf2 Rd7 32.Ke2 Rcd8  1/2-1/2

[Event "SVK-ch"]
[Site "Nove Zamky"]
[Date "1999.07.03"]
[Round "1"]
[White "Bejaoui, Anis"]
[Black "Hagara, Eduard"]
[Result "1-0"]
[WhiteElo "2024"]
[BlackElo "2329"]

1.e4 e6 2.d4 d5 3.Nd2 Nc6 4.Ngf3 Nf6 5.e5 Ng4 6.c3 Nh6 7.Bd3 f6 8.exf6 Qxf6
9.Nf1 Nf7 10.Ng3 g6 11.O-O Bd6 12.Be3 O-O 13.Qd2 e5 14.dxe5 Ncxe5 15.Nxe5 Nxe5
16.Be2 c6 17.Bg5 Qf7 18.Rae1 Bc5 19.Be3 Bb6 20.Bxb6 axb6 21.f4 Nc4 22.Bxc4 dxc4
23.a3 Ra5 24.Re5 Rxe5 25.fxe5 Qe7 26.Rxf8+ Kxf8 27.Qf4+ Qf7 28.Qd4 Qd5 29.Qxd5 cxd5
30.Ne2 Bf5 31.Kf2 Ke7 32.Nd4 Be4 33.g3 h6 34.Ke3 g5 35.Nb5 Ke6 36.Kd4 Bh1
37.Nc7+  1-0

[Event "Swidnica op"]
[Site "Swidnica"]
[Date "1999.07.04"]
[Round "7"]
[White "Fedorchuk, Sergey A"]
[Black "Vysochin, Spartak"]
[Result "0-1"]
[WhiteElo "2457"]
[BlackElo "2482"]

1.e4 e6 2.d4 d5 3.Nd2 Be7 4.e5 c5 5.Qg4 Kf8 6.dxc5 Nc6 7.Ngf3 h5 8.Qf4 g5
9.Qe3 Nh6 10.Bd3 Ng4 11.Qe2 Qc7 12.Nb3 Rg8 13.h4 gxh4 14.Bf4 b6 15.cxb6 axb6
16.Nbd4 Nxd4 17.Nxd4 Ra4 18.c3 Bf6 19.Bb5 Ra5 20.Nc6 Rxb5 21.Qxb5 Nxe5 22.Nxe5 Bxe5
23.Qb4+ Ke8 24.Rxh4 Rxg2 25.O-O-O Rxf2 26.Be3 Rh2 27.Rh1 Rxh4 28.Rxh4 Bf6
29.Rxh5 Qg3 30.Qb5+ Bd7 31.Qe2 Qg6 32.Rh1 Qe4 33.Qe1 Ba4 34.Rh2 Bg5 35.b3 Qxe3+
36.Qxe3 Bxe3+ 37.Kb2 Bc6  0-1

[Event "Politiken Cup"]
[Site "Copenhagen"]
[Date "1999.07.07"]
[Round "5"]
[White "Carlsson, Pontus"]
[Black "Mah, Karl"]
[Result "0-1"]
[WhiteElo "2186"]
[BlackElo "2316"]

1.e4 e6 2.d4 d5 3.Nd2 Be7 4.Ngf3 Nf6 5.Bd3 c5 6.exd5 Qxd5 7.Bc4 Qd6 8.dxc5 Qxc5
9.Qe2 a6 10.Ne5 Nc6 11.Nd3 Qf5 12.Nf3 b5 13.Bb3 Bb7 14.c3 O-O 15.Bc2 Qg4
16.h3 Qh5 17.Bg5 Nd4 18.cxd4 Bxf3 19.Qxf3 Qxg5 20.O-O Rfd8 21.Ne5 Bd6 22.Nc6 Re8
23.Bb3 Rac8 24.a4 Rc7 25.axb5 Qxb5 26.Ba4 Qxb2 27.Rfb1 Qd2 28.Ne5 Rec8 29.Rd1 Rc1
30.Raxc1 Rxc1 31.Qa8+ Bf8 32.Rxc1 Qxc1+ 33.Kh2 Qf4+ 34.Kg1 Qxd4 35.Nc6 Qc5
36.Qxa6 Ne4 37.Qe2 Nc3 38.Qc2 Qc4 39.Ne5 Ne2+ 40.Kh1  0-1

[Event "SVK-ch"]
[Site "Nove Zamky"]
[Date "1999.07.11"]
[Round "9"]
[White "Petrik, Tomas"]
[Black "Nagy, Attila"]
[Result "1-0"]
[WhiteElo "2296"]
[BlackElo "2187"]

1.e4 e6 2.d4 d5 3.Nd2 Be7 4.Bd3 c5 5.dxc5 Nf6 6.exd5 Qxd5 7.Ngf3 Bxc5 8.O-O Nc6
9.Qe2 Bd7 10.Nb3 Bb6 11.Bf4 Nh5 12.Be3 Bc7 13.g3 Nb4 14.Bc4 Qf5 15.Nfd4 Qh3
16.Nc5 Bc6 17.Nxc6 bxc6 18.Ne4 h6 19.Bc5 Nd5 20.Bxd5 cxd5 21.Qb5+ Kd8 22.Qc6 Nf4
23.gxf4 Qg4+ 24.Ng3 Rc8 25.Bd6 Bb6 26.Qb7 Rxc2 27.Qe7+ Kc8 28.Rfc1 Bxf2+
29.Kg2 Qg6 30.f5 Bxg3+ 31.Rxc2+  1-0

[Event "Bydgoszcz Bank Pocztowy op"]
[Site "Bydgoszcz"]
[Date "1999.07.12"]
[Round "1"]
[White "Vinogradov, P."]
[Black "Vysochin, Spartak"]
[Result "0-1"]
[WhiteElo "2288"]
[BlackElo "2487"]

1.e4 e6 2.d4 d5 3.Nd2 Be7 4.Ngf3 Nf6 5.Bd3 c5 6.dxc5 dxe4 7.Nxe4 Nxe4 8.Bxe4 Qxd1+
9.Kxd1 Bxc5 10.Ke2 Nd7 11.Rd1 Nf6 12.Bd3 Ng4 13.Rf1 b6 14.h3 Nf6 15.Rd1 Bb7
16.a3 Ke7 17.b4 Bd6 18.Bb2 a5 19.c3 Rhc8 20.g3 e5 21.Bb5 Bc6 22.Bxc6 Rxc6
23.Rd2 b5 24.Rad1 axb4 25.axb4 Ne4 26.Rc2 Ra2 27.Rdc1 Ke6 28.Nd2 Nxd2 29.Rxd2 e4
30.Ba1 Rca6 31.Bb2 Be5 32.Kd1 Rc6 33.Ba1 Rxd2+ 34.Kxd2 f5 35.Kc2 g5 36.Bb2 f4
37.g4 Bc7 38.Rd1 Bb6 39.Rf1 Rc8 40.Bc1 Rd8 41.Re1 Ke5 42.Re2 f3 43.Rd2 Rxd2+
44.Bxd2 e3 45.Bxe3 Bxe3  0-1

[Event "Komercni Banka op"]
[Site "Pardubice"]
[Date "1999.07.16"]
[Round "1"]
[White "Petrik, Tomas"]
[Black "Totsky, Leonid"]
[Result "0-1"]
[WhiteElo "2296"]
[BlackElo "2521"]

1.e4 e6 2.d4 d5 3.Nd2 Be7 4.Ngf3 Nf6 5.Bd3 c5 6.exd5 Qxd5 7.dxc5 Qxc5 8.O-O Qc7
9.Nd4 a6 10.Qf3 Nbd7 11.Nc4 Nc5 12.Be2 Nd5 13.Nf5 Bf6 14.Nfd6+ Ke7 15.Rd1 Rd8
16.g4 h6 17.h4 b5 18.g5 hxg5 19.hxg5 bxc4 20.gxf6+ gxf6 21.Nf5+ exf5 22.Rxd5 Rxd5
23.Qxd5 Bb7 24.Qxc4 Rh8 25.Bh6 Rxh6 26.Bh5 Kf8  0-1

[Event "Bydgoszcz Bank Pocztowy op"]
[Site "Bydgoszcz"]
[Date "1999.07.17"]
[Round "6"]
[White "Kozakov, Mikhail"]
[Black "Vysochin, Spartak"]
[Result "1-0"]
[WhiteElo "2450"]
[BlackElo "2487"]

1.e4 e6 2.d4 d5 3.Nd2 Be7 4.Bd3 c5 5.dxc5 Nf6 6.Qe2 Nc6 7.a3 Nd4 8.Qd1 Bxc5
9.Ngf3 dxe4 10.Nxe4 Nxe4 11.Bxe4 O-O 12.Be3 Nxf3+ 13.Qxf3 Bxe3 14.Qxe3 f5
15.Bf3 e5 16.Qb3+ Kh8 17.Bd5 Qa5+ 18.Qb4 Qd8 19.O-O-O Qf6 20.Kb1 a5 21.Qb3 Ra6
22.f3 Rd6 23.Rhe1 Rfd8 24.c4 Be6 25.Qxb7 h6 26.Qb3 Bxd5 27.Rxd5 Rxd5 28.cxd5 Qd6
29.Qc3 e4 30.fxe4 fxe4 31.Qxa5 Re8 32.Qd2 Qxh2 33.d6 Rd8 34.Rxe4 Rxd6 35.Re8+ Kh7
36.Qc2+ Rg6 37.Re6 Qxg2  1-0

[Event "Arthur Dake Int"]
[Site "San Francisco"]
[Date "1999.07.18"]
[Round "7"]
[White "Cartagena, Omar"]
[Black "Rey, Guillermo"]
[Result "1-0"]
[WhiteElo "2416"]
[BlackElo "2363"]

1.e4 e6 2.d4 d5 3.Nd2 a6 4.Ngf3 c5 5.dxc5 Bxc5 6.Bd3 Nc6 7.a3 Nf6 8.Qe2 O-O
9.O-O Be7 10.e5 Nd7 11.c4 Nc5 12.Bb1 f5 13.b4 Ne4 14.Bb2 g5 15.cxd5 exd5
16.Ba2 Be6 17.Nb3 Bf7 18.Nfd4 Nxe5 19.f3 Bh5 20.g4 Nxf3+ 21.Nxf3 Bxg4 22.Nbd2 Bh3
23.Nxe4 Bxf1 24.Rxf1 fxe4 25.Qxe4 Bf6 26.Bxd5+ Kg7 27.Nxg5  1-0

[Event "S&W Young Masters 9th"]
[Site "Witley"]
[Date "1999.07.18"]
[Round "3"]
[White "Haslinger, Stewart"]
[Black "Dearing, Edward"]
[Result "1-0"]
[WhiteElo "2267"]
[BlackElo "2295"]

1.e4 e6 2.d4 d5 3.Nd2 Be7 4.Ngf3 Nf6 5.Bd3 c5 6.exd5 Qxd5 7.dxc5 Nbd7 8.b4 a5
9.Bc4 Qh5 10.c3 Nd5 11.Bxd5 Qxd5 12.Nb3 Qc4 13.Nxa5 Rxa5 14.bxa5 Bf6 15.Bd2 Nxc5
16.Qe2 Nd3+ 17.Kf1 Bd7 18.Rb1 Qd5 19.c4 Qxc4 20.Ne1 Ne5 21.Rxb7 Qd5 22.Rb8+ Bd8
23.Be3 Qd6 24.Rb3 Bxa5 25.Bf4 f6 26.Nd3 Bc7 27.Kg1 O-O 28.Nxe5 fxe5 29.Bg3 Ba4
30.Rb1 Qd5 31.h3 Bc6 32.f3 Ra8 33.Kh2 Rxa2 34.Rb2 Ra4 35.Re1 Ba5 36.Rc1 Rd4
37.Qxe5 Qxe5 38.Bxe5 Rd5 39.Rxc6 Rxe5 40.Rb7 h6 41.Re7 Bd2 42.Rcxe6 Rg5 43.Re4 Bc3
44.Rc4 Bf6 45.Re2 Rh5 46.f4 Ra5 47.Kg3 Rb5 48.Kf3 Rh5 49.Rec2 Ra5 50.Ke4 Rb5
51.Rc5 Rb3 52.Rd5 Ra3 53.Rd3 Ra4+ 54.Kf5 Kh7 55.Rc5 Ra2 56.g4 Rf2 57.Rc4 Rf1
58.Re4 Rf2 59.Ke6 Ra2 60.Rd5 Rg2 61.Kf7 Rf2 62.Rf5 Bb2 63.g5 hxg5 64.Rxg5 Kh6
65.Re6+ Bf6 66.Rxg7 Rxf4 67.Rxf6+  1-0

[Event "S&W Young Masters 9th"]
[Site "Witley"]
[Date "1999.07.18"]
[Round "3"]
[White "Zalkind, Karmi"]
[Black "Vallin, Guillaume"]
[Result "1/2-1/2"]
[WhiteElo "2216"]
[BlackElo "2378"]

1.e4 e6 2.d4 d5 3.Nd2 a6 4.Ngf3 c5 5.dxc5 Bxc5 6.Bd3 Nc6 7.O-O Nge7 8.a3 O-O
9.b4 Ba7 10.Bb2 f6 11.e5 f5 12.c4 Ng6 13.cxd5 exd5 14.Nb3 Nf4 15.Qd2 Nxd3
16.Qxd3 f4 17.Rfd1 Be6 18.Qd2 Qe7 19.Bd4 Nxd4 20.Nfxd4 Rad8 21.Rac1 f3 22.g3 Bg4
23.Re1 Rde8 24.Nc5 Bb8 25.Nd3 Ba7 26.Nc5 Bb6 27.Rc3 Bd8 28.Nc2 Qf7 29.Nd4 Qh5
30.h4 Rxe5 31.Rxe5 Qxe5 32.Re3 Qf6 33.Qd3 Bb6 34.Ndb3 Qd6 35.Kh2 Bxc5 36.bxc5 Qc6
37.Qd4 h5 38.Re5 Qb5 39.Qxd5+ Kh8 40.Nd2 Qb2 41.Re7 Qxa3 42.Rxb7 Qc3 43.c6 Rc8
44.c7 a5 45.Ne4 Qc2 46.Qd8+ Kh7 47.Ng5+ Kh6 48.Qd4 Rxc7 49.Qd6+ Be6 50.Qxe6+ g6
51.Nf7+ Kh7 52.Ng5+  1/2-1/2

[Event "S&W Young Masters 9th"]
[Site "Witley"]
[Date "1999.07.22"]
[Round "7"]
[White "Pert, Richard G"]
[Black "Vallin, Guillaume"]
[Result "1/2-1/2"]
[WhiteElo "2308"]
[BlackElo "2378"]

1.e4 e6 2.d4 d5 3.Nd2 a6 4.Ngf3 c5 5.exd5 exd5 6.Be2 c4 7.b3 b5 8.O-O Bd6
9.Re1 Ne7 10.a4 Bb7 11.axb5 axb5 12.Rxa8 Bxa8 13.Nf1 h6 14.Ng3 Nd7 15.Nh5 Kf8
16.Bf4 Bb4 17.Bd2 Bd6 18.Bf4 Bb4 19.Bd2 Bd6  1/2-1/2

[Event "Komercni Banka op"]
[Site "Pardubice"]
[Date "1999.07.24"]
[Round "9"]
[White "Gavrilov, Alexei"]
[Black "Totsky, Leonid"]
[Result "1-0"]
[WhiteElo "2440"]
[BlackElo "2521"]

1.e4 e6 2.d4 d5 3.Nd2 Be7 4.c3 dxe4 5.Nxe4 Nd7 6.Nf3 Ngf6 7.Bd3 c5 8.Qe2 Nxe4
9.Bxe4 O-O 10.O-O Nf6 11.Bc2 b6 12.dxc5 bxc5 13.Ne5 Bb7 14.Rd1 Qc7 15.c4 Rfd8
16.Bd2 Rd4 17.Bc3 Rxd1+ 18.Rxd1 Rd8 19.Rxd8+ Qxd8 20.a3 Qc7 21.h3 g6 22.Qe3 Ne8
23.Ng4 Bc8 24.Qf3 f5 25.Ne5 Bb7 26.Qe3 Bd6 27.f3 Qe7 28.Ba4 Nf6 29.Qg5 Nd5
30.Qxe7 Nxe7 31.Kf2 Kf8 32.Nd7+ Kg8 33.Nf6+ Kf7 34.Nxh7 e5 35.Ng5+ Kf6 36.f4 Nc6
37.Bxc6 Bxc6 38.Nf3 Bxf3 39.Kxf3 Ke6 40.Bxe5 Bxe5 41.fxe5 Kxe5 42.Ke3 a5
43.b3 f4+ 44.Kf3 Kd4 45.Kxf4 a4 46.bxa4 Kxc4 47.a5 Kb5  1-0

[Event "USA-ch (junior)"]
[Site "San Francisco"]
[Date "1999.07.29"]
[Round "3"]
[White "Shahade, Jennifer"]
[Black "Akopyan, Harutyun"]
[Result "0-1"]
[WhiteElo "2290"]
[BlackElo "2269"]

1.e4 e6 2.d4 d5 3.Nd2 Be7 4.c3 c5 5.Ngf3 Nf6 6.exd5 exd5 7.dxc5 Bxc5 8.Bb5+ Nc6
9.O-O O-O 10.Nb3 Bb6 11.Bg5 a6 12.Be2 Re8 13.Bh4 Qd6 14.Bg3 Qe7 15.Re1 Bg4
16.Bh4 Qd6 17.Bg3 Qd7 18.Nbd4 Ne4 19.Bf4 Rac8 20.Be3 Bc7 21.Nxc6 bxc6 22.Bxa6 Rb8
23.Rb1 Qd6 24.g3 Ra8 25.Be2 Rxa2 26.Nd4 Bh3 27.Bg4 Bxg4 28.Qxg4 Raa8 29.Bf4 Qf6
30.f3 h5 31.Qxh5 Bxf4 32.fxe4 c5 33.Nf5 Bd2 34.Re2 g6 35.Nh6+ Kg7 36.Nf5+ Kf8
37.Qh3 Bg5 38.Nh4 dxe4 39.Rf1 Qd6 40.Qg2 Qe6 41.Qf2 e3 42.Qf3 Bxh4 43.gxh4 Ra4
44.Kh1 Kg7 45.h5 f5 46.hxg6 f4 47.b3 Re4 48.Qh5 Rh8 49.Qxc5 Qd7 50.Ra1 Re7
51.Ree1 Qb7+ 52.Kg1 Qe4 53.Ra7 Rxa7 54.Qxa7+ Kxg6 55.Qb6+ Kf5 56.Qb5+ Kg4
57.Qd7+ Kh4 58.Qg7 Rh5  0-1

[Event "MK Cafe Cup-B"]
[Site "Koszalin"]
[Date "1999.08.05"]
[Round "3"]
[White "Polkowski, Piotr"]
[Black "Gradalski, Przemyslaw"]
[Result "0-1"]
[WhiteElo "2184"]
[BlackElo "2309"]

1.e4 e6 2.d4 d5 3.Nd2 Nc6 4.Ngf3 Nf6 5.e5 Nd7 6.c3 f6 7.exf6 Qxf6 8.Bb5 Bd6
9.Nf1 e5 10.dxe5 Ncxe5 11.Nxe5 Qxe5+ 12.Qe2 O-O 13.Qxe5 Nxe5 14.Bg5 c6 15.Be2 Bf5
16.O-O-O Bg6 17.Be3 Rae8 18.Ng3 b5 19.b3 Ba3+ 20.Kd2 b4 21.f4 Nd7 22.c4 Bb2
23.f5 Bc3+ 24.Kc1 Rxe3 25.fxg6 Rf2 26.cxd5 c5 27.gxh7+ Kxh7 28.Bd3+ Kg8 29.Bc2 Rxg2
30.Rhf1 Rxh2 31.Nf5 Ree2 32.Bd3 Rxa2 33.Ne7+ Kh8 34.Ng6+ Kg8 35.Ne7+ Kh8
36.Ng6+ Kh7 37.Nf4+ Kg8 38.Ne2 Ra1+ 39.Kc2 Ra2+ 40.Kc1 Ra1+ 41.Kc2 Ra2+ 42.Kc1 Ne5
43.Nxc3 Nxd3+ 44.Rxd3 bxc3  0-1

[Event "Mipap Cup"]
[Site "Olomouc"]
[Date "1999.08.06"]
[Round "1"]
[White "Rechel, Bernd"]
[Black "Tibensky, Robert"]
[Result "0-1"]
[WhiteElo "2404"]
[BlackElo "2432"]

1.e4 e6 2.d4 d5 3.Nd2 a6 4.Ngf3 c5 5.Bd3 Nc6 6.dxc5 Bxc5 7.O-O Nge7 8.a3 O-O
9.b4 Ba7 10.Nb3 Ng6 11.Qe2 Qc7 12.Be3 Nf4 13.Qd2 Bb6 14.Nbd4 Nxd3 15.cxd3 e5
16.Nxc6 Qxc6 17.Rac1 Qe6 18.Ng5 Qd7 19.exd5 Qxd5 20.d4 h6 21.Rc5 Qd8 22.Nf3 exd4
23.Bxh6 f6 24.Bf4 Ba7 25.Bc7 Qd7 26.Rcc1 Qd5 27.Qf4 Bf5 28.Rfd1 d3 29.Ne1 Rfe8
30.Nxd3 Bxd3 31.Qg3 Re2 32.Rxd3 Bxf2+ 33.Kf1 Qe4 34.Qf3 Re1+ 35.Kxf2 Qxf3+
36.Kxf3 Rxc1 37.Bf4 Rc4 38.Rd7 b5 39.h4 Rf8 40.Rd6 g5  0-1

[Event "NED U20 op"]
[Site "Hengelo"]
[Date "1999.08.11"]
[Round "4"]
[White "Azarov, Sergei"]
[Black "Mah, Karl"]
[Result "1/2-1/2"]
[WhiteElo "2432"]
[BlackElo "2316"]

1.e4 e6 2.d4 d5 3.Nd2 Be7 4.Ngf3 Nf6 5.Bd3 c5 6.exd5 Qxd5 7.dxc5 Nbd7 8.Nb3 Nxc5
9.Nxc5 Qxc5 10.O-O O-O 11.Be3 Qc7 12.Bd4 b6 13.Be5 Qc6 14.a4 Bb7 15.a5 Rad8
16.Qe2 Nd7 17.Bg3 Bf6 18.axb6 axb6 19.c3 Qc5 20.Rfe1 Rfe8 21.Ra7 Bc6 22.Rea1 Bxf3
23.Qxf3 Ne5 24.Bxe5 Qxe5 25.g3 g6 26.Rb7 Rb8 27.Raa7 Rf8 28.Rxb8 Rxb8 29.Qc6 Qc5
30.Qd7 Rf8 31.Rb7 Bg5 32.Qb5 Qxb5 33.Bxb5 Bc1 34.b3 Bb2 35.c4 Bd4 36.Rd7 Bc5
37.Kg2 Re8 38.f4 Re7 39.Rd8+ Kg7 40.Rd7  1/2-1/2

[Event "MK Cafe Cup-A"]
[Site "Koszalin"]
[Date "1999.08.13"]
[Round "10"]
[White "Blehm, Pawel"]
[Black "Bobrowska, Monika"]
[Result "1-0"]
[WhiteElo "2479"]
[BlackElo "2438"]

1.e4 e6 2.d4 d5 3.Nd2 Be7 4.e5 f5 5.Nb3 c5 6.dxc5 Qc7 7.Nf3 Bd7 8.c4 dxc4
9.Bxc4 Na6 10.Nbd4 Nxc5 11.O-O Qb6 12.Be3 Nh6 13.Rb1 Ng4 14.Bf4 O-O 15.h3 Rae8
16.b4 Ne4 17.hxg4 fxg4 18.Be3 Nc3 19.Qb3 Nxb1 20.Nxe6  1-0

[Event "Polanica Zdroj op"]
[Site "Polanica Zdroj"]
[Date "1999.08.17"]
[Round "1"]
[White "Brodsky, Michail"]
[Black "Malykin, Vitaly"]
[Result "1/2-1/2"]
[WhiteElo "2512"]
[BlackElo "2233"]

1.e4 e6 2.d4 d5 3.Nd2 Be7 4.Bd3 c5 5.dxc5 Nf6 6.Qe2 O-O 7.Ngf3 dxe4 8.Nxe4 Nbd7
9.O-O Nxc5 10.Nxc5 Bxc5 11.Bg5 Be7 12.Rfe1 Qc7 13.Ne5 b6 14.Qf3 Rd8 15.Nc6 Bb7
16.Nxe7+ Kf8 17.Qh3 Kxe7 18.Re3 Rd5 19.Bxf6+ gxf6 20.Rae1 h5 21.Be4 Rc5 22.b4 Re5
23.Bxb7 Rxe3 24.Rxe3 Qxb7 25.Qxh5 Rc8 26.Qe2 Qd5 27.c3 Rd8 28.h4 Qd1+ 29.Kh2 Qd6+
30.Kh3 f5 31.Qf3 Kf8 32.a3 Rd7 33.g3 Rd8 34.Qh5 Qd5 35.Kh2 Qa2 36.Qh6+ Ke8
37.Qf4 Rd2 38.Kg2 Qd5+ 39.Qf3 Qxf3+ 40.Kxf3 Ra2 41.c4 Rc2 42.c5 bxc5 43.bxc5 Rxc5
44.Rb3 Ra5 45.Rb8+ Ke7 46.h5 f4 47.Kxf4 Rxh5 48.Rb7+ Kf6 49.Rxa7 Rh1 50.Rb7 Ra1
51.Rb3 Ra2 52.f3 Ra1 53.Ke4 Rg1 54.f4 Ra1 55.Re3 Ra2 56.Kd4 Kf5 57.Kc4 f6
58.Kb3 Ra1 59.Kb2 Rh1 60.a4 Rh2+ 61.Kb3 Rh1 62.Kb4 Ra1 63.Ra3 Rxa3 64.Kxa3 e5
65.fxe5 fxe5 66.a5 e4 67.a6 e3 68.a7 e2 69.a8=Q e1=Q 70.Qf3+ Kg6 71.Kb3 Qb1+
72.Kc3 Qc1+ 73.Kd4 Qd2+ 74.Ke4 Qd7 75.Kf4  1/2-1/2

[Event "Polanica Zdroj op"]
[Site "Polanica Zdroj"]
[Date "1999.08.18"]
[Round "2"]
[White "Shevchenko, Sergey"]
[Black "Vysochin, Spartak"]
[Result "1/2-1/2"]
[WhiteElo "2320"]
[BlackElo "2487"]

1.e4 e6 2.d4 d5 3.Nd2 Be7 4.Bd3 c5 5.dxc5 Nd7 6.exd5 exd5 7.Ngf3 Nxc5 8.Bb5+ Bd7
9.Bxd7+ Qxd7 10.O-O Nf6 11.Nb3 Nce4 12.Be3 O-O 13.c3 Bd6 14.h3 Rfe8 15.Qd3 a6
16.a3 h6 17.Rad1 b5 18.Rfe1 Re7 19.Nfd2 Rae8 20.Nf1 Bb8 21.Nd4 Nd6 22.b3 Qc8
23.f3 Ba7 24.Kh1 Bb8 25.Bd2 Qc5 26.Nc2 Nb7 27.Rxe7 Qxe7 28.Re1 Qd7 29.Rxe8+ Qxe8
30.Qe3 Qd8 31.Be1 Nd6 32.Nd4 Ba7 33.Ng3 Qa5 34.Qe7 Bxd4 35.cxd4 Qb6 36.Bb4 Nfe8
37.Nf5 Nxf5 38.Qxe8+ Kh7 39.Qxf7 Qg6 40.Qxg6+ Kxg6 41.Bc5 Ng3+ 42.Kg1 Ne2+
43.Kf2 Nf4 44.h4 h5 45.g3 Ne6 46.Ke3 Kf5 47.Be7 Kg6 48.Kd3 Kf7 49.Bb4 g6
50.Bd2 Nd8 51.g4 Nc6 52.Ke3 Kf6 53.Kf4 Nd8 54.Kg3 Nc6 55.Kf4 Nd8 56.Kg3 Nc6  1/2-1/2

[Event "Porto San Giorgio op"]
[Site "Porto San Giorgio"]
[Date "1999.08.25"]
[Round "6"]
[White "Tomescu, Vlad"]
[Black "Lputian, Smbat G"]
[Result "0-1"]
[WhiteElo "2453"]
[BlackElo "2625"]

1.e4 e6 2.d4 d5 3.Nd2 Be7 4.Ngf3 Nf6 5.e5 Nfd7 6.c3 c5 7.dxc5 Nc6 8.Bb5 O-O
9.Qe2 Qc7 10.O-O Ncxe5 11.b4 b6 12.cxb6 Nxf3+ 13.Nxf3 Nxb6 14.Bd3 Bd7 15.Be3 Qxc3
16.Rfc1 Qxb4 17.Rab1 Qg4 18.Bxh7+ Kh8 19.Bd3 Rfc8 20.h3 Qh5 21.Ba6 Rxc1+
22.Rxc1 Bd6 23.Bc5 Qh6 24.Be3 Qh5 25.Bc5 Bxc5 26.Rxc5 f6 27.Rc7 e5 28.Qb2 e4
29.Nd4 Qe5 30.Qc3 Na4 31.Qa5 Qxd4 32.Rxd7 Nc5 33.Rd8+ Rxd8 34.Qxd8+ Kh7 35.Qe8 Qe5
36.Qc6 d4 37.Bc4 d3 38.Qc8 Qa1+ 39.Kh2 Qe5+ 40.g3 Kg6 41.Qd8 Nb7 42.Qh8 Nd6
43.Bb3 Qb2 44.Kg1 Qxb3  0-1